| 000 | 00598nam a2200193 a 4500 | ||
|---|---|---|---|
| 001 | 000012374 | ||
| 005 | 20200929163020.0 | ||
| 008 | 091111s1989 sp r 001 0 spa d | ||
| 020 | _a8420604399 | ||
| 040 |
_aDO-SdBNP _bspa _cBNPHU |
||
| 082 |
_aNNNN _bL864l |
||
| 100 | 1 |
_aLópez Pacheco, Jesús, _d1930- _929072 |
|
| 245 | 1 | 0 |
_aLucha contra el murciélago y otros cuentos / _cJesús López Pacheco. |
| 260 |
_aMadrid : _bAlianza, _c1989. |
||
| 300 |
_a267, [5] p. ; _c18 cm. |
||
| 490 | 1 |
_aEl libro de Bolsillo _aLiteratura |
|
| 830 | 0 |
_aEl libro de Bolsillo, _pLiteratura _929073 |
|
| 049 | _aBNGR | ||
| 999 |
_c12031 _d12031 |
||